La iliada /

Guardado en:
Autor Principal: Homero
Formato: Libro
Publicado: Argentina : Espasa Calpe, 1954
Materias:
Etiquetas: Agregar Etiqueta
Sin Etiquetas, Sea el primero en etiquetar este registro!
LEADER 00618nam a22002055a 4500
001 CEM.cems003284
005 19000101000000.0
008 130507s1954##################000#0#####d
003 CEMS
082 0 4 |a 883 
100 1 |a Homero 
245 1 0 |a La iliada /  |c Homero 
260 |a Argentina :  |b Espasa Calpe,  |c 1954 
300 |a 304 p. 
653 |a Epica griega 
653 |a Literatura 
653 |a Literatura griega 
859 |a CEMS  |b BIB. CEMS - 11 de abril  |h 883  |i H752-3  |p 14740.76  |t Ej.2 
859 |a CEMS  |b BIB. CEMS - 11 de abril  |h 883  |i H752-3  |p 23361.06  |t Ej.3 
859 |a CEMS  |b BIB. CEMS - 11 de abril  |h 883  |i H752-3  |p 88888.75  |t Ej.1